000
00288nam a22001217a 4500
008
160503b xxu||||| |||| 00| 0 eng d
020
_a
9780899707488
020
_a
0899707483
041
_a
eng
080
_a
61
245
_a
The health care almanac;
_c
Lorri A. Zipperer;
942
_2
udc
_c
BK
999
_c
1741
_d
1741